[Event "Pan American-ch U20"]
[Site "San Salvador"]
[Date "2015.07.17"]
[Round "3"]
[White "Guzman, Oswaldo"]
[Black "Munoz, Randall"]
[Result "0-1"]
[WhiteElo "2066"]
[BlackElo "1706"]
[PlyCount "62"]
[EventDate "2015.07.16"]
[EventType "swiss"]
[EventRounds "9"]
[EventCountry "ESA"]
[SourceTitle "EXT 2016"]
[Source "ChessBase"]
[SourceDate "2015.10.08"]
[SourceVersion "1"]
[SourceVersionDate "2015.10.08"]
[SourceQuality "1"]

1. e4 c5 2. Nf3 d6 3. d4 cxd4 4. Nxd4 Nf6 5. Nc3 a6 6. Bc4 e6 7. Bb3 Nbd7 8. 0-0 Nc5 9. Qf3 Qc7 10. Re1 b5 11. Nd5 exd5 12. exd5+ Be7 13. Nc6 Ng8 14. Qc3 Kf8 15. Bf4 Nb7 16. h4 h5 17. Qe3 Bf5 18. Re2 Bxh4 19. Rae1 Bd7 20. Bg5 Bxg5 21. Qxg5 f6 22. Qg3 Re8 23. c3 Rxe2 24. Rxe2 h4 25. Qe3 Rh5 26. Ne7 Nxe7 27. Qxe7+ Kg8 28. f4 Rh7 29. Bc2 g6 30. Qxf6 Qd8 31. Qd4 Rg7 0-1

[Event "Pan American-ch U20"]
[Site "San Salvador"]
[Date "2015.07.16"]
[Round "1"]
[White "Giron, Jorge Ernesto"]
[Black "Munoz, Randall"]
[Result "1-0"]
[WhiteElo "2223"]
[BlackElo "1706"]
[PlyCount "57"]
[EventDate "2015.07.16"]
[EventType "swiss"]
[EventRounds "9"]
[EventCountry "ESA"]
[SourceTitle "EXT 2016"]
[Source "ChessBase"]
[SourceDate "2015.10.08"]
[SourceVersion "1"]
[SourceVersionDate "2015.10.08"]
[SourceQuality "1"]

1. e4 c5 2. Nf3 d6 3. d4 cxd4 4. Nxd4 Nf6 5. Nc3 a6 6. Be3 e5 7. Nb3 Be6 8. f3 Nbd7 9. Qd2 b5 10. 0-0-0 Rc8 11. g4 b4 12. Nd5 Bxd5 13. exd5 a5 14. Bb5 g6 15. h4 Qc7 16. Kb1 h5 17. g5 Ng8 18. f4 Bg7 19. fxe5 Bxe5 20. Bd4 f6 21. Rhe1 Kd8 22. Bxd7 Kxd7 23. gxf6 a4 24. Nc5+ dxc5 25. Bxe5 Qd8 26. Qg5 Nh6 27. Qxg6 Qe8 28. Qg5 Nf7 29. Qf5+ 1-0

[Event "Managua Sub zt 2.3"]
[Site "Managua"]
[Date "2014.04.29"]
[Round "4"]
[White "Blandon, Jaime"]
[Black "Munoz, Randall"]
[Result "1/2-1/2"]
[WhiteElo "1917"]
[BlackElo "1687"]
[PlyCount "39"]
[EventDate "2014.04.27"]
[EventType "swiss"]
[EventRounds "9"]
[EventCountry "NCA"]
[SourceTitle "EXT 2015"]
[Source "ChessBase"]
[SourceDate "2014.11.20"]
[SourceVersion "1"]
[SourceVersionDate "2014.11.20"]
[SourceQuality "1"]

1. c4 Nf6 2. g3 c6 3. Bg2 d5 4. Nf3 e6 5. 0-0 Be7 6. Nc3 b6 7. Re1 d4 8. Nb1 Bb7 9. d3 c5 10. e3 Nc6 11. exd4 cxd4 12. a3 0-0 13. b4 a5 14. b5 Nb8 15. Bb2 Bc5 16. Nbd2 a4 17. Bxd4 Bxd4 18. Nxd4 Qxd4 19. Bxb7 Ra7 20. Be4 1/2-1/2

[Event "Managua Sub zt 2.3"]
[Site "Managua"]
[Date "2014.04.28"]
[Round "3"]
[White "Munoz, Randall"]
[Black "Gomez Huertas, Stanley"]
[Result "0-1"]
[WhiteElo "1687"]
[BlackElo "1977"]
[PlyCount "106"]
[EventDate "2014.04.27"]
[EventType "swiss"]
[EventRounds "9"]
[EventCountry "NCA"]
[SourceTitle "EXT 2015"]
[Source "ChessBase"]
[SourceDate "2014.11.20"]
[SourceVersion "1"]
[SourceVersionDate "2014.11.20"]
[SourceQuality "1"]

1. d4 Nf6 2. c4 e6 3. Nf3 Bb4+ 4. Bd2 Qe7 5. a3 Bxd2+ 6. Nbxd2 d6 7. g3 0-0 8. Bg2 e5 9. e3 h6 10. dxe5 dxe5 11. 0-0 a5 12. Qc2 Na6 13. Qc3 e4 14. Nd4 a4 15. b4 axb3 16. N2xb3 Re8 17. c5 c6 18. Rfc1 Nh7 19. Ra2 Nc7 20. Nd2 Nd5 21. Qc4 f5 22. Nb1 Kh8 23. Nc3 Nhf6 24. Nxd5 Nxd5 25. a4 Be6 26. Nxe6 Qxe6 27. Rb2 Ra7 28. Rcb1 Rea8 29. a5 Rxa5 30. Rxb7 Ra4 31. Qb3 Kh7 32. Bf1 Qe5 33. Qb2 Qxb2 34. R7xb2 R8a5 35. Rc2 Ra1 36. Rxa1 Rxa1 37. Kg2 Kg6 38. Bc4 Nf6 39. Be6 Ra5 40. Bc8 Nd5 41. g4 Ne7 42. gxf5+ Nxf5 43. Rc4 Ne7 44. Bd7 Kf6 45. Rxe4 Rxc5 46. Kf3 Ng6 47. Re6+ Kf7 48. Ke4 Nf8 49. Rxc6 Nxd7 50. Ra6 Rh5 51. Ra7 Ke7 52. f4 Rxh2 53. Kf5 Rg2 0-1